000 00718nam a2200217Ia 4500
003 GCL
008 140319s9999 xx 000 0 ara d
040 _aGCL /
_cGCL
082 0 4 _aط
_b031
_bش ك
100 1 _aالشركة الشرقية للمطبوعات
245 1 0 _aكتاب المعرفة : مدن ومدنيات /
_cالشركة الشرقية للمطبوعات
260 _aالقاهرة :
_bالشركة الشرقية للمطبوعات
300 _a160 ص ؛
_c30 سم
490 _aكتاب المعرفة
_v0
650 0 4 _aالحضارة
650 0 4 _aالمدن
650 0 4 _aعلم النفس الحضرى
650 0 4 _aمصر - تاريخ
650 0 4 _aالمدينة
942 _2ddc
_cBK
999 _c48076
_d48076